000 00312nam a22001337a 4500
008 170823b xxu||||| |||| 00| 0 eng d
020 _a0178851043
041 _aeng
080 _a51
100 _a38
101 _aMAT
245 _aELEMENTARY LINEAR ALGEBRA WITH APPLICATION
_cANTON.H
942 _2udc
_cBK
999 _c24692
_d24692